000 00437nam a22001817a 4500
003 MPLRDC
005 20220104123947.0
008 210129b ||||| |||| 00| 0 eng d
082 _a522.2 ZSJ
100 _a钟思嘉主编
245 _a老师的难题
_c
250 _a三版
260 _a
_b张老师出版社
_c1986
300 _b
490 _a张老师月刊选集. 12
650 _a教师任务
942 _cBK
_o522.2 ZSJ
999 _c15550
_d15540